000
00329nam a2200157Ia 4500
100
_a
Kumbhojkar/G.v
650
_a
Applied mathematics
250
_a
3
942
_c
BK
366
_f
15
245
_a
Applied Mathematics IV-Mechanical
260
_b
P.Jamnadas
_c
2020
082
_a
510
_b
KUM
546
_a
ENGLISH
999
_c
21445
_d
21445